The dynamics of local service delivery arrangements and the role of nonprofits (Record no. 71398)

000 -LEADER
fixed length control field 00439pab a2200145 454500
008 - FIXED-LENGTH DATA ELEMENTS--GENERAL INFORMATION
fixed length control field 180718b2006 xxu||||| |||| 00| 0 eng d
100 ## - MAIN ENTRY--PERSONAL NAME
Personal name Lamothe, Scott
245 ## - TITLE STATEMENT
Title The dynamics of local service delivery arrangements and the role of nonprofits
260 ## - PUBLICATION, DISTRIBUTION, ETC.
Date of publication, distribution, etc. 2006
300 ## - PHYSICAL DESCRIPTION
Extent p.769-97.
650 ## - SUBJECT ADDED ENTRY--TOPICAL TERM
Topical term or geographic name entry element Nonprofit organizations
700 ## - ADDED ENTRY--PERSONAL NAME
Personal name Lamothe, Meeyoung
773 ## - HOST ITEM ENTRY
Main entry heading International Journal of Public Administration
909 ## -
-- 71398
Holdings
Withdrawn status Lost status Damaged status Not for loan Permanent Location Current Location Date acquired Serial Enumeration / chronology Barcode Date last seen Price effective from Koha item type
        Indian Institute of Public Administration Indian Institute of Public Administration 2018-07-19 Volume no: 29, Issue no: 10-11 AR71858 2018-07-19 2018-07-19 Articles

Powered by Koha